The Easiest Quiz in the World! - Statistics

General Stats
  • This quiz has been taken 144 times
    143 since last reset
  • The average score is 14 of 15
Answer Stats
Question Answer % Correct
What is 2+2? 4
100%
What is the answer to the previous question? 4
100%
What question are you on right now? 7
100%
What are sheep? Animals
100%
Pick the odd one out! H
100%
Click the word "Nigeria" Nigeria
100%
Is it 29 B.C.E. right now? No
100%
Is this the last question? No
100%
Where do you live? The Earth
100%
What does U.S.A. stand for? United States of America
100%
Are you a human? Yes
100%
Click the correct answer Choose this one!
96%
True or False? You have demolished over 1 quadrillion building in the last 2 seconds False
96%
Do I own JetPunk? No
78%
What number is in the thumbnail? 3
70%
No matching quizzes found
Score Distribution
Percent of People with Each Score
Percentile by Number Answered
Your Score History
You have not taken this quiz since the last reset